000 01457pam a22003614a 4500
001 13754493
003 ARRUPE
005 20221130090111.0
008 041019s2005 mnuab 000 0 eng
010 _a 2004024642
020 _a076420016X
028 _bArrupe
035 _a(OCoLC)ocm56913168
040 _aDLC
_cDLC
_dIG#
_dDLC
042 _apcc
050 0 0 _aBV2061.3
_b.S74 2005
082 0 0 _a266
_222
100 1 _aStearns, Bill.
_952108
245 1 0 _a2020 vision :
_bamazing stories of what God is doing around the world /
_cBill & Amy Stearns.
246 3 _aTwenty twenty vision
260 _aMinneapolis, Minn. :
_bBethany House,
_cc2005.
300 _a234 p. :
_bill., maps ;
_c22 cm.
520 _a"True stories of men and women around the world today who are reaching out with the Gospel, plus resources and practical ways individuals and churches can be involved in missions efforts"--Provided by publisher.
650 0 _aMissions.
650 0 _aEvangelistic work.
_9151
650 0 _aChristianity
_xForecasting.
_911279
700 1 _aStearns, Amy.
_952109
856 4 1 _3Table of contents
_uhttp://www.loc.gov/catdir/toc/ecip053/2004024642.html
906 _a7
_bcbc
_corignew
_d1
_eecip
_f20
_gy-gencatlg
942 _2lcc
_cMONOGRAPH
999 _c131603
_d131603